Central Library OPAC University of Rajshahi

Textbook of surveying / (Record no. 335)

MARC details
000 -LEADER
fixed length control field 00698nam a22002417a 4500
001 - CONTROL NUMBER
control field 335
003 - CONTROL NUMBER IDENTIFIER
rucl marc code BD-RjUL
005 - DATE AND TIME OF LATEST TRANSACTION
control field 20211208233148.0
008 - FIXED-LENGTH DATA ELEMENTS--GENERAL INFORMATION
fixed length control field 131117r20091994ii d||| |||| 001 0 eng d
020 ## - INTERNATIONAL STANDARD BOOK NUMBER
International Standard Book Number 9788173710216
International Standard Book Number 817371021 X
035 ## - SYSTEM CONTROL NUMBER
System control number (BD-RjUL)352
040 ## - CATALOGING SOURCE
Original cataloging agency BD-RjUL
Language of cataloging eng
Transcribing agency BD-RjUL
Modifying agency BD-RjUL
041 ## - LANGUAGE CODE
Language code of text/sound track or separate title eng
082 #4 - DEWEY DECIMAL CLASSIFICATION NUMBER
Edition number 19
Classification number 526.9
Author mark and year VET 1994
100 1# - MAIN ENTRY--PERSONAL NAME
Personal name Venkatramaiah, C.
9 (RLIN) 1069
245 1# - TITLE STATEMENT
Title Textbook of surveying /
Statement of responsibility, etc. C. Venkatramaiah
260 ## - PUBLICATION, DISTRIBUTION, ETC. (IMPRINT)
Place of publication, distribution, etc. Hyderabad :
Name of publisher, distributor, etc. Universities Press;
Date of publication, distribution, etc. c1994 [Reprinted 2009]
300 ## - PHYSICAL DESCRIPTION
Pagination a xv,676p. :
Illustrations ill. ;
Size 24cm.
504 ## - BIBLIOGRAPHY, ETC. NOTE
Bibliography, etc Includes bibliographies and index.
650 ## - SUBJECT ADDED ENTRY--TOPICAL TERM
Source of heading or term LCSH
Topical term or geographic name as entry element Surveying.
9 (RLIN) 1070
942 ## - ADDED ENTRY ELEMENTS (KOHA)
Source of classification or shelving scheme Dewey Decimal Classification
Koha item type Books
Holdings
Lost status Source of classification or shelving scheme Damaged status Not for loan Collection code Permanent Location Current Location Shelving location Date acquired Source of acquisition Cost, normal purchase price Total Checkouts Full call number Date last seen Copy number Koha item type
  Dewey Decimal Classification     Non-fiction Central Library, University of Rajshahi Central Library, University of Rajshahi   07/03/2011 Paragon Enterprises Ltd 500.00   526.9 VET 2009 17/11/2013 C-3 Books
  Dewey Decimal Classification     Non-fiction Central Library, University of Rajshahi Central Library, University of Rajshahi   07/03/2011 Dhaka,Paragon Enterprise Lit., 500.00   526.9 VET 2009 02/11/2016 C-2 Books
  Dewey Decimal Classification   Not For Loan Non-fiction Central Library, University of Rajshahi Central Library, University of Rajshahi Reading Room 07/03/2011 Paragogn Enterprise, Dhaka 500.00   526.9 VET 1994 13/03/2017 C-1 Books